|
|
|
|
| LEADER |
00000nam a2200000 i 4500 |
| 001 |
29042 |
| 003 |
AGDB |
| 005 |
20260324181539.0 |
| 008 |
250910e202410 spc|||| ||||o0|0 0 cat| |
| 015 |
|
|
|a LL2025
|2 bnc
|
| 017 |
|
|
|a B 18978-2024
|b Biblioteca de Catalunya
|
| 040 |
|
|
|a ES-BaBC
|b cat
|e rda
|c ES-BaBC
|
| 043 |
|
|
|a e-sp---
|b e-spcb-
|2 catmarc
|
| 080 |
|
|
|a 725.85/.89
|x (460.23 Ba)
|2 2004
|
| 080 |
|
|
|a 32:796
|x (460.23 Ba)
|2 2004
|
| 080 |
|
|
|a 796:352
|x (460.23 Ba)
|2 2004
|
| 245 |
0 |
0 |
|a Criteris per a la distribució d’espais esportius municipals /
|c redacció: SEAE, SL ; direcció tècnica i coordinació: Diputació de Barcelona, Àrea d’Esports i Activitat Física, Oficina d’Activitats Físiques
|
| 250 |
|
|
|a 1a edició :
|b octubre de 2024
|
| 264 |
|
1 |
|a Barcelona :
|b Diputació de Barcelona,
|c 2024
|
| 300 |
|
|
|a 55 pàgines :
|b il·lustracions en color, taules ;
|c 30 cm
|
| 336 |
|
|
|a text
|b txt
|2 rdacontent
|
| 337 |
|
|
|a sense mediació
|b n
|2 rdamedia
|
| 338 |
|
|
|a volum
|b nc
|2 rdacarrier
|
| 490 |
1 |
|
|a Col·lecció Eines.
|a Sèrie Esports ;
|v 7
|
| 520 |
|
|
|a "A Catalunya, la demanda d'espais esportius municipals ha augmentat en els darrers anys, de manera que és necessari garantir una distribució equitativa i objectiva d'aquests recursos, ja que són diversos els agents esportius que fan ús dels espais esportius municipals.
Teniu a les mans una guia de criteris i recomanacions per a la distribució dels espais esportius municipals, concretament els pavellons poliesportius, pistes poliesportives i camps poliesportius, amb l'objectiu d'aportar un model de referència que els ajudi a dissenyar i implementar un sistema de distribució
dels espais esportius que sigui coherent, just i equitatiu amb les seves polítiques esportives i que garanteixi l'accés de tota la població a aquests recursos.
Així mateix, es fa una recopilació de bones pràctiques com a exemple de l'aplicabilitat dels criteris i l'ús que poden tenir en municipis del territori català. També es presenten models actuals que els ens locals poden agafar com a referència" -- Contracoberta
|
| 650 |
|
7 |
|a Instal·lacions esportives
|z Catalunya
|z Barcelona (Província).
|2 lemac
|
| 650 |
|
7 |
|a Municipis i esports
|z Catalunya
|z Barcelona (Província).
|2 lemac
|
| 651 |
|
7 |
|a Catalunya
|z Barcelona (Província)
|x Política esportiva.
|2 lemac
|
| 710 |
2 |
|
|a Servei d'Ensenyament i Assessorament Esportiu.
|e direcció tècnica i coordinació
|
| 710 |
|
|
|a Barcelona (Catalunya : Província). Àrea d'Esports i Activitat Física
|4 direcció tècnica i coordinació
|9 72776
|
| 830 |
|
0 |
|a Col·lecció Eines (Barcelona (Catalunya : Província). Diputació).
|p Sèrie Esports
|v 7
|
| 856 |
4 |
1 |
|u https://llibreria.diba.cat/cat/llibre/criteris-per-a-la-distribucio-d-espais-esportius-municipals_70905
|y Accés lliure (Llibreria de la Diputació de Barcelona)
|
| 908 |
|
|
|a BC
|
| 940 |
|
|
|a BC
|
| 942 |
|
|
|2 udc
|c ARXIU
|n 1
|
| 952 |
|
|
|0 0
|1 0
|2 udc
|4 0
|6 BIB1387
|7 1
|9 98652
|a Arxiu
|b Arxiu
|d 2025-11-17
|l 0
|o Bib-1387
|p 29042
|r 2025-11-17 11:03:41
|w 2025-11-17
|y ARXIU
|
| 999 |
|
|
|c 130393
|d 130393
|